书目信息 |
| 书名: | Two nations | |
| 作者: | Andrew Hacker. | |
| 分册号: | ||
| 分册名: | 出版地: | New York : |
|
| 出版社: | Ballantine Books | |
| 出版时间: | 1995. | |
| 页数: | xiii, 283 p. : | |
| 开本: | 21 cm. | |
| 丛书名: | ||
| 中图分类号: | ||
| 科图分类号: | ||
| 其他分类号: | D771.262 | |
| 主题词: | ||
| 电子资源: | ||
| 000 | 01046cam 22000301a 4500 | |
| 001 | E0763639193 | |
| 005 | 20070710174049.53 | |
| 008 | 960119s1995 nyua b 001 0 eng d | |
| 010 | @a94096245 | |
| 020 | @a0345405374. | |
| 040 | @aSUF@cSUF@dDPL | |
| 050 | 4 | @aE185.615@b.H23 1995a |
| 090 | @aD771.262/X75 | |
| 090 | @aD771.262 | |
| 092 | @aCN@bJZ02-176 | |
| 093 | @aD771.262 @2 4 | |
| 099 | @dD771.262@ex169 | |
| 100 | 1 | @aHacker, Andrew. |
| 245 | 10 | @aTwo nations :@bblack and white, separate, hostile, unequal / @cAndrew Hacker. |
| 250 | @aExpanded and updated. | |
| 260 | @aNew York :@bBallantine Books,@c1995. | |
| 300 | @axiii, 283 p. :@bill. ;@c21 cm. | |
| 500 | @a"Including a new chapter in which the foremost expert on race in America analyzes the O.J. Simpson verdict." -- Cover. | |
| 504 | @aIncludes bibliographical references (p. 263-271) and index. | |
| 650 | 0 | @aRacism@zUnited States. |
| 650 | 0 | @aAfro-Americans@xSocial conditions@y1975- |
| 651 | 0 | @aUnited States@xRace relations. |
| 920 | @a232010@z2 | |
| Two nations : : black and white, separate, hostile, unequal / / Andrew Hacker.-Expanded and updated.-New York : : Ballantine Books, , 1995. |
| xiii, 283 p. : : ill. ; ; 21 cm. |
| "Including a new chapter in which the foremost expert on race in America analyzes the O.J. Simpson verdict." -- Cover.-Includes bibliographical references (p. 263-271) and index. |
| ISBN 0345405374. |
| ● |
| 相关链接 |
|
|
|
|
正题名:Two nations
索取号:D771.262/x169
 
预约/预借
| 序号 | 登录号 | 条形码 | 馆藏地/架位号 | 状态 | 备注 |
| 1 | 0012901 | 300129019 | 第二样本阅览室/ [索取号:D771.262/x169] | 在馆 | |
| 2 | 0012902 | 300129028 | 第四借阅区/ [索取号:D771.262/x169] | 在馆 |